00221nam a2200085Ia 4500001000800000005001700008008004100025245004400066260002500110120742420250827022825.0250824s9999 xx 000 0 und d 0aVARLIK VE PİÇLİKcHAKAN AKDOĞAN bKÜLTÜR YAYINLARI